[Event "Salon de Provence op 6th"]
[Site "Salon de Provence"]
[Date "2015.07.04"]
[Round "9"]
[White "Morris, Keith"]
[Black "Fournier, Alain"]
[Result "1-0"]
[WhiteElo "1715"]
[BlackElo "1589"]
[PlyCount "75"]
[EventDate "2015.07.04"]
[EventType "swiss"]
[EventRounds "9"]
[EventCountry "FRA"]
[SourceTitle "EXT 2016"]
[Source "ChessBase"]
[SourceDate "2015.10.08"]
[SourceVersion "1"]
[SourceVersionDate "2015.10.08"]
[SourceQuality "1"]

1. e4 e5 2. Nf3 Nf6 3. Nc3 Nc6 4. d4 exd4 5. Nxd4 Bc5 6. Be3 Bb6 7. Be2 0-0 8. 0-0 d6 9. a3 a6 10. b4 Qe7 11. Nxc6 bxc6 12. Bxb6 cxb6 13. Bd3 b5 14. Re1 Qe5 15. Qd2 Be6 16. Bf1 g5 17. f3 Rad8 18. a4 a5 19. Rab1 h6 20. axb5 axb4 21. Rxb4 Qc5+ 22. Qd4 cxb5 23. Qxc5 dxc5 24. Rxb5 Rc8 25. Be2 Nh5 26. g3 f5 27. f4 Nf6 28. Rb6 Kf7 29. fxg5 hxg5 30. exf5 Bxf5 31. Rf1 Be6 32. Ne4 Ke7 33. Nxg5 Bd5 34. Re1 Kd8 35. Rf1 Ke7 36. Bb5 Nd7 37. Re1+ Kd8 38. Rd6 1-0

[Event "Salon de Provence op 5th"]
[Site "Salon de Provence"]
[Date "2014.07.12"]
[Round "8"]
[White "Boyer, Jean Francois"]
[Black "Fournier, Alain"]
[Result "1-0"]
[WhiteElo "1780"]
[BlackElo "1697"]
[PlyCount "77"]
[EventDate "2014.07.05"]
[EventType "swiss"]
[EventRounds "9"]
[EventCountry "FRA"]
[SourceTitle "EXT 2015"]
[Source "ChessBase"]
[SourceDate "2014.11.20"]
[SourceVersion "1"]
[SourceVersionDate "2014.11.20"]
[SourceQuality "1"]

1. e4 b6 2. d4 Bb7 3. Nc3 e6 4. a3 c5 5. d5 Nf6 6. Bg5 Be7 7. d6 Bf8 8. Nb5 Na6 9. e5 h6 10. Bh4 g5 11. Bg3 Ne4 12. Qf3 Bg7 13. Bd3 Nxg3 14. Qxb7 Nxh1 15. Qxa6 0-0 16. Qb7 Bxe5 17. Qe4 Bc3+ 18. Nxc3 f5 19. Qf3 e5 20. Bc4+ Kg7 21. g3 Nxf2 22. Qxf2 Qf6 23. 0-0-0 e4 24. g4 Qe5 25. Rd5 Qf4+ 26. Qxf4 gxf4 27. gxf5 Rae8 28. Bb5 Rf7 29. Nge2 f3 30. Ng3 e3 31. Kd1 Kf6 32. Nge4+ Kg7 33. Ke1 Kh8 34. f6 Kh7 35. Rf5 Kg6 36. Rxf3 Re5 37. Bc4 Rf8 38. f7 Kg7 39. Nf6 1-0

[Event "Salon de Provence op 5th"]
[Site "Salon de Provence"]
[Date "2014.07.10"]
[Round "6"]
[White "Fournier, Alain"]
[Black "Joubert, Leo"]
[Result "0-1"]
[WhiteElo "1697"]
[BlackElo "1790"]
[PlyCount "106"]
[EventDate "2014.07.05"]
[EventType "swiss"]
[EventRounds "9"]
[EventCountry "FRA"]
[SourceTitle "EXT 2015"]
[Source "ChessBase"]
[SourceDate "2014.11.20"]
[SourceVersion "1"]
[SourceVersionDate "2014.11.20"]
[SourceQuality "1"]

1. d4 Nf6 2. Nf3 e6 3. Bf4 c5 4. e3 b6 5. Nbd2 Bb7 6. Bd3 Be7 7. c3 0-0 8. Qe2 cxd4 9. cxd4 Nh5 10. Bxh7+ Kxh7 11. Ng5+ Bxg5 12. Qxh5+ Bh6 13. 0-0 d5 14. Nf3 f6 15. Rfc1 Nc6 16. Qh3 Qe7 17. Rc3 e5 18. Bxh6 gxh6 19. Qf5+ Kg7 20. Nh4 Qf7 21. e4 Ne7 22. Qg4+ Kh7 23. Rc7 Bc8 24. Qf3 Be6 25. Rac1 Rac8 26. exd5 Bxd5 27. Qd3+ e4 28. Qg3 Rxc7 29. Rxc7 Rc8 30. Rxc8 Nxc8 31. a3 Ne7 32. h3 f5 33. Qf4 Be6 34. g3 Ng6 35. Nxg6 Qxg6 36. Qc7+ Qg7 37. Qd6 Qd7 38. Qe5 Bf7 39. h4 Bh5 40. Kf1 Qc8 41. Qe7+ Kg8 42. Kg2 Qe8 43. Qb4 Bf3+ 44. Kf1 Qc6 45. Qd2 Qc4+ 46. Ke1 Qd3 47. Qxd3 exd3 48. Kd2 Be2 49. f3 h5 50. g4 fxg4 51. fxg4 hxg4 52. d5 g3 53. d6 Bg4 0-1

[Event "Salon de Provence op 5th"]
[Site "Salon de Provence"]
[Date "2014.07.05"]
[Round "1"]
[White "Vincensini, Emmanuel"]
[Black "Fournier, Alain"]
[Result "1-0"]
[WhiteElo "1960"]
[BlackElo "1697"]
[PlyCount "71"]
[EventDate "2014.07.05"]
[EventType "swiss"]
[EventRounds "9"]
[EventCountry "FRA"]
[SourceTitle "EXT 2015"]
[Source "ChessBase"]
[SourceDate "2014.11.20"]
[SourceVersion "1"]
[SourceVersionDate "2014.11.20"]
[SourceQuality "1"]

1. c4 c6 2. d4 Na6 3. Nf3 Nf6 4. Nc3 d5 5. cxd5 cxd5 6. Bf4 Nc7 7. Rc1 Ne6 8. Be5 Ng4 9. e3 a6 10. Qb3 Nxe5 11. Nxe5 Nc7 12. Be2 e6 13. Na4 b5 14. Nc5 Bxc5 15. Rxc5 Bd7 16. Qc2 Rc8 17. Bd3 Na8 18. 0-0 Rxc5 19. dxc5 Qc7 20. f4 Ke7 21. b4 f6 22. Nf3 h5 23. e4 Bc6 24. e5 h4 25. Ng5 Be8 26. exf6+ gxf6 27. Qe2 Bf7 28. Nxe6 Bxe6 29. Bf5 Qc6 30. Re1 Nc7 31. Qg4 Kf7 32. Qg6+ Kf8 33. Qxf6+ Kg8 34. Bxe6+ Nxe6 35. Rxe6 Qd7 36. Re7 1-0

[Event "Le Touquet op 20th"]
[Site "Le Touquet"]
[Date "2005.10.27"]
[Round "6"]
[White "Equey, Daniel"]
[Black "Fournier, Alain"]
[Result "1-0"]
[WhiteElo "1833"]
[BlackElo "1890"]
[PlyCount "107"]
[EventDate "2005.10.23"]
[EventType "swiss"]
[EventRounds "9"]
[EventCountry "FRA"]
[SourceTitle "EXT 2006"]
[Source "ChessBase"]
[SourceDate "2005.11.24"]
[SourceVersion "1"]
[SourceVersionDate "2005.11.24"]
[SourceQuality "1"]

1. d4 Nf6 2. c4 c5 3. d5 b5 4. Nf3 d6 5. Qc2 g6 6. e4 Bg7 7. a4 b4 8. Nbd2 Nbd7 9. h3 0-0 10. Bd3 a5 11. 0-0 Nh5 12. Nb3 Ne5 13. Nxe5 Bxe5 14. f4 Bf6 15. g4 Ng7 16. g5 Bd4+ 17. Nxd4 cxd4 18. f5 f6 19. Qg2 Qe8 20. b3 Bb7 21. gxf6 exf6 22. Bf4 Rd8 23. Bh6 Kh8 24. Rf3 Rg8 25. Rg3 Nh5 26. Rg4 Qf7 27. Rf1 g5 28. Kh2 Nf4 29. Rfxf4 gxf4 30. Bxf4 Rxg4 31. Qxg4 Rg8 32. Qe2 Qe7 33. Qf2 Bc8 34. Qxd4 Qd8 35. Be2 Qf8 36. Qb6 Qg7 37. Bf3 Bd7 38. Qf2 Qf8 39. Be3 Qe8 40. Bd4 h6 41. Bxf6+ Kh7 42. Bd4 Bxa4 43. bxa4 Qxa4 44. f6 b3 45. Bh5 Qa2 46. Qxa2 bxa2 47. c5 dxc5 48. Bc3 c4 49. e5 Rb8 50. f7 a4 51. e6 a3 52. e7 Rb2+ 53. Bxb2 axb2 54. e8Q 1-0

[Event "Le Touquet op 20th"]
[Site "Le Touquet"]
[Date "2005.10.26"]
[Round "5"]
[White "Fournier, Alain"]
[Black "Vandemeulebrouck, Renaud"]
[Result "0-1"]
[WhiteElo "1890"]
[BlackElo "2102"]
[PlyCount "48"]
[EventDate "2005.10.23"]
[EventType "swiss"]
[EventRounds "9"]
[EventCountry "FRA"]
[SourceTitle "EXT 2006"]
[Source "ChessBase"]
[SourceDate "2005.11.24"]
[SourceVersion "1"]
[SourceVersionDate "2005.11.24"]
[SourceQuality "1"]

1. f4 d5 2. Nf3 c5 3. e3 g6 4. Be2 Bg7 5. d3 Nf6 6. Nbd2 b6 7. Ne5 Bb7 8. 0-0 Nbd7 9. Qe1 Qc7 10. Ndf3 0-0 11. c4 dxc4 12. Nxc4 Nd5 13. Qh4 b5 14. e4 bxc4 15. exd5 cxd3 16. Bxd3 c4 17. Be2 Bxd5 18. Nd2 c3 19. bxc3 Bxc3 20. Rb1 Bxa2 21. Bf3 Bxb1 22. Bxa8 Bd3 23. Rf3 Bd4+ 24. Kh1 Qxc1+ 0-1

[Event "Marseille op 3rd"]
[Site "Marseille"]
[Date "2004.12.??"]
[Round "1"]
[White "Fournier, Alain"]
[Black "Weill, Roland"]
[Result "0-1"]
[WhiteElo "1700"]
[BlackElo "2256"]
[PlyCount "50"]
[EventDate "2004.12.27"]
[EventType "swiss"]
[EventRounds "7"]
[EventCountry "FRA"]
[SourceTitle "CBM 104 Extra"]
[Source "ChessBase"]
[SourceDate "2005.03.01"]
[SourceVersion "1"]
[SourceVersionDate "2005.03.01"]
[SourceQuality "1"]

1. d4 Nf6 2. c4 e6 3. Nc3 Bb4 4. e3 0-0 5. Bd3 c5 6. Nf3 d6 7. 0-0 Bxc3 8. bxc3 Nc6 9. Rb1 e5 10. Qc2 Qe7 11. Ng5 h6 12. Ne4 Ne8 13. Ba3 f5 14. Ng3 e4 15. Be2 Nf6 16. f3 b6 17. fxe4 fxe4 18. Rf4 g5 19. Rxf6 Rxf6 20. Nxe4 Rf7 21. Bf3 Bf5 22. g4 Bg6 23. Qg2 Rxf3 24. Nxd6 Qxe3+ 25. Kh1 Bxb1 0-1